01134nam a2200241 a 450000100100000000500170001000800410002704000250006808200190009310000360011224501110014826000380025930000270029750000480032459000260037265000360039865000370043491000370047195201310050895201160063995201220075599900150087700000948120200929161616.0090930s1987 dr 000 p spa d aDO-SdBNPbspacBNPHU aPR861.4bA856v1 aAstol de Villanueva, Ana92428710aVibraciones de mi vida :bUn recuerdo con mis bendiciones para toda la familia /cAna Astol de Villanueva. aSanto Domingo :bCorripio,c1987. a92 p. :bil. ;c23 cm. aIncluye datos biográfícos de la autora. aInventariado, 2018/VM 4aPoesía puertorriqueña91015 4aLiteratura puertorriqueña9250 aValidado. Control de calidad MFF 001054708DSaGRbGRcHDd2015-04-08iLF1l0oPR861.4 A856vp9481-30r2020-06-25te. 3w2020-06-25yLFDSZPréstamo en sala 0010718PDaPDbPDcHDd2009-09-30iLF1l0oPR861.4 A856vp9481-10r2020-06-25w2020-06-25yLFPDZNo se presta 0010718PDaPDbPDcHDd2009-09-30iLF1l0oPR861.4 A856vp9481-20r2020-06-25te. 2w2020-06-25yLFPDZNo se presta c9241d9241